El delito de robo por sorpresa en la jurisprudencia: período 2004-2009
محفوظ في:
| المؤلف الرئيسي: | |
|---|---|
| التنسيق: | كتاب |
| اللغة: | الإسبانية |
| منشور في: |
Santiago
Legal Publishing
2010
|
| الطبعة: | 1a. ed |
| الموضوعات: | |
| الوسوم: |
إضافة وسم
لا توجد وسوم, كن أول من يضع وسما على هذه التسجيلة!
|
MARC
| LEADER | 00000cam a2200000 a 4500 | ||
|---|---|---|---|
| 001 | UCG9062 | ||
| 003 | CL-VaPUC | ||
| 008 | 120120e20100800CL |||||||||||||||||spa|d | ||
| 020 | |a 9789562389174 | ||
| 082 | 0 | 4 | |a 345.02552 |b MON |2 21 |
| 100 | |a Montiel Vergara, Juan Pablo |e autor |9 560438 | ||
| 245 | 1 | 3 | |a El delito de robo por sorpresa en la jurisprudencia: período 2004-2009 |
| 250 | |a 1a. ed | ||
| 300 | |a 197 p | ||
| 942 | |c BK | ||
| 945 | |d 20120120 00:00:00 |a dcastane | ||
| 260 | |a Santiago |b Legal Publishing |c 2010 | ||
| 650 | 7 | |a DERECHO PENAL |2 CL-VaPUC |9 11 | |
| 650 | 7 | |a DELITO DE ROBO POR SORPRESA |2 CL-VaPUC |9 560439 | |
| 650 | 0 | |a Jurisprudencia |9 255952 | |
| 650 | 0 | |a Bien jurídico protegido |9 385533 | |
| 651 | 7 | |a CHILE |2 CL-VaPUC |9 560440 | |
| 583 | |a last modification |c 20120120 10:38:00 |k Rodrigo Vera | ||
| 999 | |c 346637 |d 346635 | ||
| 952 | |0 0 |1 0 |4 0 |6 345_025520000000000_MON_2010 |7 0 |8 A |9 447435 |a BIBDER |b BIBDER |d 2019-11-22 |i 4816404 |o 345.02552 MON 2010 |p 4816404 |r 2019-11-22 |w 2019-11-22 |y BK |k DER | ||